Library of the University of Algiers 3
Ibrahim Sultan Cheibout
شعار جامعة الجزائر 3
مكتبة جامعة الجزائر 3
إبراهيم سلطان شيبوط

الشرعية الدولية في ظل النظام العالمي الجديد / (رقم التسجيلة. 45627)

تفاصيل مارك
000 -LEADER
fixed length control field 01069nam a2200229Ia 4500
003 - CONTROL NUMBER IDENTIFIER
control field Ost
005 - DATE AND TIME OF LATEST TRANSACTION
control field 20260507075652.0
008 - FIXED-LENGTH DATA ELEMENTS--GENERAL INFORMATION
fixed length control field 260507s9999||||xx |||||||||||||| ||und||
040 ## - CATALOGING SOURCE
Transcribing agency fsecg
041 ## - LANGUAGE CODE
Language code of text/sound track or separate title ara
082 ## - DEWEY DECIMAL CLASSIFICATION NUMBER
Classification number 341.2
100 ## - MAIN ENTRY--PERSONAL NAME
Personal name العادلي، محمود صالح
Relator term مؤلف
245 #0 - TITLE STATEMENT
Title الشرعية الدولية في ظل النظام العالمي الجديد /
Statement of responsibility, etc. محمود صالح العادلي
260 ## - PUBLICATION, DISTRIBUTION, ETC.
Place of publication, distribution, etc. الإسكندرية:
Name of publisher, distributor, etc. دار الفكر الجامعي,
Date of publication, distribution, etc. [د.ت.]
300 ## - PHYSICAL DESCRIPTION
Extent 312 صفحة؛
Other physical details إيضاحات ؛
Dimensions 24 سم
520 ## - SUMMARY, ETC.
Summary, etc. الامم المتحدة ومعطيات النظام العالمي الجديد- العروبة والإسلام وتحديات النظام العالمي الجديد- محكمة العدل العربية بين رواسب الماضي وتطلعات المستقبل.
653 ## - INDEX TERM--UNCONTROLLED
Uncontrolled term السياسة الدولية
653 ## - INDEX TERM--UNCONTROLLED
Uncontrolled term الشرعية الدولية
653 ## - INDEX TERM--UNCONTROLLED
Uncontrolled term القانون الدولي
653 ## - INDEX TERM--UNCONTROLLED
Uncontrolled term النظام العالمي الجديد
942 ## - ADDED ENTRY ELEMENTS (KOHA)
Koha item type كتب
المقتنيات
Withdrawn status Lost status Source of classification or shelving scheme Damaged status Not for loan Home library Current library Date acquired Serial enumeration / chronology Inventory number Total checkouts Full call number Barcode Date last seen Price effective from Koha item type
    Library of Congress Classification   NOT LOAN / إعارة داخلية مكتبة كلية العلوم الإقتصادية والعلوم التجارية وعلوم التسيير مكتبة كلية العلوم الإقتصادية والعلوم التجارية وعلوم التسيير 07/05/2026 الطابق الثاني 025.21/227   أ/1767ن4 025.21/227 07/05/2026 07/05/2026 كتب

موارد الويب المفتوحة


© University of Algiers 3 All Rights Reserved
|
Implemented by LECHELAH Riad